000 00580nam a2200217 i 4500
001 C2-0072837
003 PPAK
005 20190630222219.0
008 970429s1982 enka|||| ||||| | eng d
040 _aPPAK
_beng
_cPPAK
_erda
082 0 4 _a770
_223
090 0 0 _a770
_bHAI
_dR
100 1 _aHaines, George,
_eauthor
245 1 4 _aThe young photographer's handbook
264 1 _aLondon :
_bHamlyn ,
_c1982
300 _a223 pages :
_billustrations ;
_c19 cm
336 _2rdacontent
_atext
337 _2rdamedia
_aunmediated
338 _2rdacarrier
_avolume
942 _ddc
_cB
999 _c9673
_d9673